| 000 | 00393nam a2200157Ia 4500 | ||
|---|---|---|---|
| 008 | 210210b2001 xxu||||| |||| 00| 0 eng d | ||
| 020 | _a81 7033 645 7 | ||
| 082 | _a361.3 SUBF | ||
| 100 | _aSUBHEDAR (I S). | ||
| 245 | _aFieldwork training in social work. | ||
| 260 |
_aND _bRawat Publications _c2001 |
||
| 300 | _a275 | ||
| 650 | _aSocial work | ||
| 690 | _aSocial Work | ||
| 906 | _a059154 | ||
| 999 |
_c106091 _d106091 |
||